000 00209nam a22000857a 4500
008 161201b xxu||||| |||| 00| 0 eng d
100 _91676
_aAsian Publication
245 _aExplore-G.K.
260 _aNew Delhi
_bAsian
999 _c4386
_d4386